Preaching with purpose : (Record no. 9718)
[ view plain ]
| 000 -LEADER | |
|---|---|
| fixed length control field | 00741nam a22002292 4500 |
| 001 - CONTROL NUMBER | |
| control field | 0000021548 |
| 005 - DATE AND TIME OF LATEST TRANSACTION | |
| control field | 20151217152235.0 |
| 008 - FIXED-LENGTH DATA ELEMENTS--GENERAL INFORMATION | |
| fixed length control field | 120719s xx 000 0 eng d |
| 020 ## - INTERNATIONAL STANDARD BOOK NUMBER | |
| International Standard Book Number | 0310510910 : |
| 040 ## - CATALOGING SOURCE | |
| Original cataloging agency | KABU |
| Transcribing agency | KABU |
| 100 1# - MAIN ENTRY--PERSONAL NAME | |
| Personal name | Adams, Jay E. |
| -- | 0000149655 |
| 245 10 - TITLE STATEMENT | |
| Title | Preaching with purpose : |
| Remainder of title | the urgent task of homiletics / |
| Statement of responsibility, etc. | Jay E. Adams. |
| 250 ## - EDITION STATEMENT | |
| Edition statement | 1st ed. |
| 260 ## - PUBLICATION, DISTRIBUTION, ETC. (IMPRINT) | |
| Place of publication, distribution, etc. | Michigan : |
| Name of publisher, distributor, etc. | Zondervan, |
| Date of publication, distribution, etc. | 1982. |
| 300 ## - PHYSICAL DESCRIPTION | |
| Extent | xiv, 162 p. |
| 650 #0 - SUBJECT ADDED ENTRY--TOPICAL TERM | |
| Topical term or geographic name as entry element | Preaching. |
| -- | 0000148272 |
| 852 1# - LOCATION | |
| -- | p650 KES |
| 852 1# - LOCATION | |
| -- | p650 KES |
| 852 1# - LOCATION | |
| -- | p650 KES |
| 908 ## - PUT COMMAND PARAMETER (RLIN) | |
| Put command parameter | 120719 |
| 950 ## - LOCAL HOLDINGS (RLIN) | |
| -- | 1 |
| Withdrawn status | Lost status | Source of classification or shelving scheme | Not for loan | Home library | Current library | Date acquired | Total Checkouts | Full call number | Barcode | Date last seen | Price effective from | Koha item type |
|---|---|---|---|---|---|---|---|---|---|---|---|---|
| Library of Congress Classification | Kabarak, Main Campus | Kabarak, Main Campus | 17/12/2015 | BV4211.2 .A33 1982 c.1 | 013489 | 17/12/2015 | 17/12/2015 | General Collection | ||||
| Library of Congress Classification | Kabarak, Main Campus | Kabarak, Main Campus | 17/12/2015 | BV4211.2 .A33 1982 c. 2 | 014666 | 17/12/2015 | 17/12/2015 | General Collection | ||||
| Library of Congress Classification | Kabarak, Main Campus | Kabarak, Main Campus | 17/12/2015 | BV4211.2 .A33 1982 c. 3 | 014667 | 17/12/2015 | 17/12/2015 | General Collection |